000 00405 a2200157 4500
003 OSt
005 20240905131301.0
008 240131b |||||||| |||| 00| 0 eng d
040 _coclc
082 _a297
_bKAZ/C
100 _aKazem,Badreya
_910506
245 _aCHIRAG E RAH /
_cBadreya Kazem
260 _c2003.
300 _a399p. ;
942 _2ddc
_cBK
_h297
_k297
_iKAZ/C
_mKAZ/C
999 _c43356
_d43356